<?xml version="1.0" encoding="UTF-8"?>
<resp>
  <nextPage>https://data.bn.org.pl/api/networks/bibs.marcxml?marc=001+b00001150003056&amp;sinceId=1150003057</nextPage>
  <collection>
    <record xmlns='http://www.loc.gov/MARC21/slim'><leader>01075namZa2200337ZiZ4500</leader><controlfield tag='001'>b00001150003056</controlfield><controlfield tag='005'>20241203220503.8</controlfield><controlfield tag='008'>230609s        pl           |000 0 pol c</controlfield><controlfield tag='009'>9913261940305606</controlfield><datafield ind1=' ' ind2=' ' tag='020'><subfield code='a'>8371531974</subfield></datafield><datafield ind1=' ' ind2=' ' tag='035'><subfield code='a'>KR_1KR_1_20120318002043048595-48omnis_kr</subfield></datafield><datafield ind1=' ' ind2=' ' tag='035'><subfield code='a'>KR_1_20120318002043048595</subfield><subfield code='9'>ExL</subfield></datafield><datafield ind1=' ' ind2=' ' tag='035'><subfield code='a'>(PL)b00001150003056</subfield></datafield><datafield ind1=' ' ind2=' ' tag='040'><subfield code='a'>KR_1</subfield><subfield code='c'>KR_1</subfield></datafield><datafield ind1='0' ind2=' ' tag='041'><subfield code='a'>pol</subfield></datafield><datafield ind1='1' ind2=' ' tag='100'><subfield code='a'>Tuwim, Julian</subfield><subfield code='d'>(1894-1953)</subfield></datafield><datafield ind1='1' ind2='0' tag='245'><subfield code='a'>Spóźniony słowik /</subfield><subfield code='c'>Julian Tuwim ; [il. Jakub Kuźma].</subfield></datafield><datafield ind1=' ' ind2=' ' tag='260'><subfield code='a'>Warszawa :</subfield><subfield code='b'>&quot;Kama&quot;,</subfield><subfield code='c'>[1999].</subfield></datafield><datafield ind1=' ' ind2=' ' tag='300'><subfield code='a'>[12] s. :</subfield><subfield code='b'>il. kolor. ;</subfield><subfield code='c'>15 x 16 cm.</subfield></datafield><datafield ind1='1' ind2=' ' tag='490'><subfield code='a'>Biblioteka Najmłodszych</subfield></datafield><datafield ind1=' ' ind2=' ' tag='500'><subfield code='a'>d</subfield></datafield><datafield ind1=' ' ind2='9' tag='650'><subfield code='a'>Literatura dziecięca polska</subfield><subfield code='y'>20 w.</subfield></datafield><datafield ind1='1' ind2=' ' tag='700'><subfield code='a'>Kuźma, Jakub</subfield><subfield code='e'>Il.</subfield></datafield><datafield ind1=' ' ind2=' ' tag='852'><subfield code='b'>48OMNIS_NETWORK</subfield><subfield code='8'>9913261940305606</subfield></datafield><datafield ind1=' ' ind2=' ' tag='852'><subfield code='b'>48OMNIS_WBPL</subfield><subfield code='8'>991003869819708836</subfield></datafield><datafield ind1=' ' ind2=' ' tag='852'><subfield code='b'>48OMNIS_KR</subfield><subfield code='8'>991000030549708216</subfield></datafield><datafield ind1=' ' ind2=' ' tag='852'><subfield code='8'>22867041180008836</subfield><subfield code='j'>1</subfield><subfield code='b'>WBPL</subfield><subfield code='p'>230000159185</subfield><subfield code='c'>DZS</subfield></datafield><datafield ind1=' ' ind2=' ' tag='920'><subfield code='a'>83-7153-197-4</subfield></datafield></record>
  </collection>
</resp>
